| 000 | 00825 a2200265 4500 | ||
|---|---|---|---|
| 020 | _a0521657296 | ||
| 020 | _a0521657296 | ||
| 020 | _a0-521-35402-1 (inb.) | ||
| 035 | _a(DLC) 97002959 | ||
| 040 |
_aDLC _bDLC |
||
| 082 | 0 | 0 | _a121 |
| 100 | 1 | _aKant, Immanuel, | |
| 245 | 1 | 0 |
_aCritique of pure reason _cPaul Guyer, Allen W. Wood |
| 260 |
_aCambridge : _bCambridge University Press, _c1998 |
||
| 300 |
_axi, 785 s. ; _c23 cm |
||
| 490 | 1 | _aThe Cambridge edition of the works of Immanuel Kant | |
| 500 | _aĶen med tryck岬 12 tr., 2007 | ||
| 650 | 0 | _aKnowledge, Theory of. | |
| 650 | 0 | _aCausation. | |
| 650 | 0 | _aReason. | |
| 700 | 1 |
_aGuyer, Paul, _d1948- _4trl |
|
| 700 | 1 |
_aWood, Allen W. _4trl |
|
| 856 | 4 | 1 |
_3Table of contents _uhttp://www.loc.gov/catdir/toc/cam025/97002959.html |
| 942 |
_cBK _k121 KAN _2ddc |
||
| 999 |
_c7043 _d7043 |
||